| 000 | 00551cam a2200205ua 4500 | ||
|---|---|---|---|
| 020 | _cRs 21.00 | ||
| 041 |
_amal _h |
||
| 082 |
_a894.8121 _bRAG/PA |
||
| 100 | _aRaghavan Pillai, K . | ||
| 245 |
_aPattukal, Part 1 / _cK Raghavan Pillai. _hTextual Documents |
||
| 250 |
_a1 / _b. |
||
| 260 |
_aThiruvananthapuram : _bKerala University Press , _c1964. |
||
| 300 | _a108 ; . | ||
| 365 | _aRs 21.00 | ||
| 440 | 0 |
_aMalayalam Series, _v115 _x; |
|
| 490 | 0 |
_aMalayalam Series, _v115 _x; |
|
| 504 | _a | ||
| 942 | _cBK | ||
| 999 |
_c4046 _d4046 |
||